Mountain Peaks - Sudden Death - Statistics

General Stats
  • This quiz has been taken 502 times
  • The average score is 10 of 23
Answers on the Grid
Answers color-coded by a green-red scale on the quiz's grid according to % correct below.
Aconcagua
Aguascalientes
Ararat
Austin
Beleza
Ben Nevis
Bloemfontein
Chimborazo
De Gaulle
Denali
Dhabi
Erebus
Etna
Everest
Fiji
Firewatch
Friendly
Fuji
Himalaya
Hvammstangi
K2
K3
Kangchenjunga
Kenya
Kilimanjaro
Kirkjufell
Lhotse
Matterhorn
McAllen
Montréal
Mountain
Olympus
Omsk
Peletier
Pico de Orizaba
Radio
Rainer
Rio Negro
Royal
Shasta
Table
Tabriz
Victoria
Voh
Yankee
 
Answer Stats
Answer % Correct
Aconcagua
72%
K2
72%
Everest
69%
Ben Nevis
65%
Etna
65%
Fuji
64%
Ararat
62%
Denali
61%
Kilimanjaro
55%
Matterhorn
53%
Olympus
51%
Rainer
42%
Erebus
40%
Chimborazo
36%
Table
34%
Lhotse
33%
Kangchenjunga
29%
Pico de Orizaba
28%
Kenya
27%
Kirkjufell
16%
Shasta
14%
Victoria
10%
Royal
7%
No matching quizzes found
Score Distribution
Percent of People with Each Score
Percentile by Number Answered
Your Score History
You have not taken this quiz